Ústí nad Labem ; Okolí Ústí nad Labem /

Korporativní autor: SHOCart (firma)
Jazyk: Čeština
Vydáno: Ústí nad Labem : statutární město Ústí nad Labem, 2016
Témata:
Fyzický popis: 2 mapy na 1 listu : barevné ; 48 x 67 cm a 48 x 37 cm, na listu 49 x 69 cm, složeno na 23 x 12 cm, v plastovém obalu
Mapy
Uloženo v:
LEADER 02080nem a2200493 i 4500
001 nkc20162795556
003 CZ PrNK
005 20250203093820.0
007 aj canzn
008 160510s2016 xr z a 1 cze
015 |a cnb002795556 
020 |a 978-80-86646-55-8  |q (Statární město Ústí nad Labem ;  |q v mapě neuvedeno ;  |q složeno) 
034 1 |a a  |b 20000  |d E0135629  |e E0140828  |f N0504209  |g N0503652 
034 1 |a a  |b 80000  |d E0134904  |e E0141512  |f N0504811  |g N0503102 
040 |a ABA001  |b cze  |e rda 
043 |a e-xr---  |b e-xr-us  |2 czenas 
072 7 |a 913(437)  |x Geografie Česka a Slovenska, reálie, cestování  |2 Konspekt  |9 7 
072 7 |a 912  |x Mapy. Atlasy. Glóby  |2 Konspekt  |9 7 
080 |a 796.51  |2 MRF 
080 |a 913(437.315)  |2 MRF 
080 |a (084.3)911.375  |2 MRF 
080 |a (084.3)796.5  |2 MRF 
110 2 |a SHOCart (firma)  |7 ko2001100207  |4 ctg 
245 1 0 |a Ústí nad Labem ;  |b Okolí Ústí nad Labem /  |c zpracoval SHOCart 
255 |a Měřítko 1:20 000  |c (E 13°56'29"--E 14°08'28"/N 50°42'09"--N 50°36'52") 
255 |a Měřítko 1:80 000  |c (E 13°49'04"--E 14°15'12"/N 50°48'11"--N 50°31'02") 
264 1 |a Ústí nad Labem :  |b statutární město Ústí nad Labem,  |c 2016 
300 |a 2 mapy na 1 listu :  |b barevné ;  |c 48 x 67 cm a 48 x 37 cm, na listu 49 x 69 cm, složeno na 23 x 12 cm, v plastovém obalu 
336 |a kartografický obraz  |b cri  |2 rdacontent 
337 |a bez média  |b n  |2 rdamedia 
338 |a list  |b nb  |2 rdacarrier 
500 |a Obsahuje rejstřík 
500 |a Mapový výřez centra 1:10 000 
650 0 7 |a pěší turistika  |7 ph124864  |2 czenas 
651 7 |a Ústí nad Labem (Česko)  |7 ge131764  |2 czenas 
651 7 |a Ústí nad Labem (Česko : oblast)  |7 ge131766  |2 czenas 
655 7 |a plány měst  |7 fd133027  |2 czenas 
655 7 |a turistické mapy  |7 fd133737  |2 czenas 
740 0 2 |a Okolí Ústí nad Labem 
910 2 |a BOA001  |b Mp2-1368.737 
990 |a MP 
995 |a 01 
991 |b 201605  |c NOV 
996 6 |b 2610671094  |c Mp2-1368.737  |l MZK  |r Sklad / do 1 hodiny  |n 0  |p p.v.  |w 001562388  |u 000010  |a 1  |e BOA001  |j MZK50  |s P